| 000 | 00347nam a2200133Ia 4500 | ||
|---|---|---|---|
| 008 | 240624s9999 xx 000 0 und d | ||
| 041 | _aeng | ||
| 082 | _a650.076 VAI | ||
| 100 | _aVAISHNAV JAGDEEP I | ||
| 245 | _aCRACKING THE ENGLISH COMPREHENSION TEST | ||
| 260 |
_c2004 _aNew Delhi _bBiztantra |
||
| 300 | _a447 : p. : cm. ; 27 | ||
| 365 |
_cRS _b30 |
||
| 999 |
_c1737 _d1737 |
||